| 000 | 00336nam a2200121Ia 4500 | ||
|---|---|---|---|
| 005 | 20260326100037.0 | ||
| 008 | 260326s9999||||xx |||||||||||||| ||und|| | ||
| 100 | _aDesormeaux, Emile | ||
| 245 | 0 |
_aFemmes antillaises et patrimoine / _cEmile Desormeaux |
|
| 260 | _bEmile Desormeaux Editor | ||
| 650 | _aARQUITECTURA REGIONAL | ||
| 942 | _cBK | ||
| 999 |
_c6857 _d6857 |
||